Imposto predial e territorial urbano / (Record no. 823)

MARC details
000 -LÍDER
Campo Fixo de Controle 00797nam a2200253 a 4500
001 - NÚMERO DE CONTROLE
Campo de Controle 823
003 - IDENTIFICAÇÃO DO NÚMERO DE CONTROLE
Campo de Controle BR-CuiBMT
005 - DATA E HORA DA ÚLTIMA ATUALIZAÇÃO
Campo de Controle 20231120214547.0
008 - DADOS FIXOS
Dados Fixos 231120s2004 spb 000 0 por d
020 ## - INTERNATIONAL STANDARD BOOK NUMBER
Nº do ISBN 857420580X
040 ## - AGÊNCIA CATALOGADORA
Código da Agência Catalogadora BR-CuiBMT
Agência que transcreveu o registro BR-CuiBMT
080 ## - Nº DA CLASSIFICAÇÃO DECIMAL UNIVERSAL
Nº edição CDU 2007
Nº Class. CDU 336.226.212.1:352
090 ## - NÚMERO DE CHAMADA
Nº classificação 336.226.212.1:352
Cutter F985i
Ano/Edição 2. ed.
100 1# - ENTRADA PRINCIPAL -- AUTOR PESSOAL
Nome pessoal Furlan, Valéria C. P.
Forma completa do nome (Valéria Cristina Pereira)
245 10 - TÍTULO PRINCIPAL
Título principal Imposto predial e territorial urbano /
Indicação de responsabilidade Valéria Furlan
250 ## - EDIÇÃO
Edição 2. ed., rev., atual. e ampl.
260 ## - PUBLICAÇÃO, DISTRIBUIÇÃO, ETC.
Local de publicação São Paulo :
Editora Malheiros,
Data 2004.
300 ## - DESCRIÇÃO FÍSICA
N. páginas ou volumes 206 p. ;
Dimensões 21 cm
504 ## - NOTA DE BIBLIOGRAFIA, ETC.
Nota de bibliografia Inclui bibliografia.
650 ## - ASSUNTO TÓPICO
Cabeçalho tópico ou nome geográfico Imposto predial e territorial urbano (IPTU)
650 ## - ASSUNTO TÓPICO
Cabeçalho tópico ou nome geográfico Imposto Territorial Urbano (IPTU)
650 ## - ASSUNTO TÓPICO
Cabeçalho tópico ou nome geográfico Imposto municipal
942 ## - ELEMENTOS DE ENTRADA ADICIONAIS (KOHA)
Fonte de classificação ou esquema de arquivamento Classificação Decimal Universal
Tipo de item do Koha Livros
Holdings
Estado: removido Estado: perdido Fonte de classificação ou esquema de arquivamento Estado: danificado Indisponível para empréstimo Localização permanente Localização atual Data de aquisição Total Checkouts Número de Chamada completo Código de barras Date last seen Número do exemplar Preço efetivo a partir de Tipo de item (Koha)
    Classificação Decimal Universal     Biblioteca da Escola Superior de Contas do TCE/MT Biblioteca da Escola Superior de Contas do TCE/MT 20/11/2023   336.226.212.1:352 F985i 2. ed. BIBTCEMT23110759 20/11/2023 Ex. 1 20/11/2023 Livros

Powered by Koha